Data Communication And Networks (Record no. 197305)

MARC details
000 -LEADER
fixed length control field 00428nam a2200157Ia 4500
008 - FIXED-LENGTH DATA ELEMENTS--GENERAL INFORMATION
fixed length control field 230714s9999 xx 000 0 und d
041 ## - LANGUAGE CODE
Language code of text/sound track or separate title eng
082 ## - DEWEY DECIMAL CLASSIFICATION NUMBER
Classification number 004.6
Item number GOD
100 ## - MAIN ENTRY--PERSONAL NAME
Personal name Godbole A.S.
9 (RLIN) 108861
245 ## - TITLE STATEMENT
Title Data Communication And Networks
260 ## - PUBLICATION, DISTRIBUTION, ETC. (IMPRINT)
Date of publication, distribution, etc. 2008
Name of publisher, distributor, etc. Tata Mc-Graw Hill
300 ## - PHYSICAL DESCRIPTION
Extent 503
365 ## - TRADE PRICE
Currency code Rs.
Price amount 315.00
700 ## - ADDED ENTRY--PERSONAL NAME
Personal name Godbole A.S.
9 (RLIN) 108861
906 ## - LOCAL DATA ELEMENT F, LDF (RLIN)
d O:0014308-Jul-2009B:214403-Jul-2009
c IT
b 315

No items available.